000 00816nam a2200241 i 4500
001 48934
003 ES-MaACL
005 20250830060341.0
007 t|
008 030702s1976 sp ||||1| spa d
080 _a233
080 _a113/119
100 1 _aCoreth, Emerich.
_940586
245 1 0 _a¿Qué es el hombre?
_b: esquema de una antropología filosófica /
_cEmerich Coreth ; presentación por Andrés Ortiz-Osés ; [versión de Claudio Gancho].
260 _aBarcelona :
_bHerder,
_c[1976]
300 _a268 p. ;
_c22 cm.
650 0 7 _aHombre (Teología cristiana)
_2
_913459
650 7 _aAntropología filosófica
_2embne
_99891
700 1 _aOrtiz-Osés, Andrés,
_d1943-2021
_987635
700 1 _aGancho, Claudio
_953818
852 _aES-MaACL
_jA-5928
_bR.94654
999 _c48934
_d48934